[Event "EU-ch 12th"]
[Site "Aix les Bains"]
[Date "2011.03.25"]
[Round "4"]
[White "Georgiev, Kiril"]
[Black "Godena, Michele"]
[Result "1/2-1/2"]
[WhiteElo "2666"]
[BlackElo "2526"]
[Annotator "Marchand,A/Primel,D"]
[PlyCount "65"]
[EventDate "2011.03.22"]
[EventType "swiss"]
[EventRounds "11"]
[EventCountry "FRA"]
[SourceTitle "CBM 142 Extra"]
[Source "ChessBase"]
[SourceDate "2011.06.27"]
[SourceVersion "1"]
[SourceVersionDate "2011.06.27"]
[SourceQuality "1"]
[TimeControl "40/5400+30:1800+30"]

1. c4 e5 2. g3 (2. Nc3 Bb4 {Le répertoire habituel de l'italien qui est évité
en jouant 2.g3}) 2... Nf6 3. Bg2 h6 $5 {[%csl Rc1] Les Blancs auront du mal а
trouver une bonne case pour le Bc1 et cette idée du père d'Almira SKRIPCHENKO
est assez populaire depuis quelques années car il est difficile pour les
Blancs de profiter de l'avance de développement. C'est une variante qui aurait
fait hurlé BOTVINNIK! En effet, il était persuadé que 1.c4 e5 n'était pas bon
pour les Noirs car ils avaient un temps de retard par rapport а une sicilienne.
Or,ici ils donnent un second tempo! Dans la pratique, les choses ne sont pas
aussi simples notamment а cause de la "théorie de l'information" et les Noirs
ont d'excellents résulats avec cette suite originale.} 4. Nc3 {[%emt 0:01:29]
C'est l'intérêt de cette variante h6 qui force les Blancs а jouer Nc3 qui
permet de jouer Bb4 alors que les Blancs voulaient justement l'éviter en
jouant 2.g3} (4. d4 $6 e4 (4... exd4 5. Qxd4 (5. Nf3 c5 6. O-O Be7 7. e3 dxe3
8. Bxe3 d5 $1 (8... O-O 9. Nc3 $44 {[%csl Gd5]}) 9. cxd5 Nxd5 $132 {[%cal
Gd5e3,Ge8g8]}) 5... Nc6 $132) 5. Nc3 Bb4 6. Qb3 Nc6 7. d5 Nd4 $40 {[%csl Rb3,
Rc2];Christensen,T (2371)-Glek,I (2566) EU-Cup 19th Rethymnon 2003 (2) 0-1}) (
4. Nf3 $143 e4 $1 5. Nd4 Nc6 $11 {Sergeev,V (2436)-Bobras,P (2563) Warsaw AIG
Life rapid 2005 (12) 0-1}) (4. d3 Bb4+ 5. Nd2 (5. Bd2 Bxd2+ 6. Qxd2 O-O 7. Nc3
Re8 8. e3 d6 9. Nge2 a5 10. h3 Nbd7 11. O-O Nc5 12. f4 (12. d4 exd4 13. exd4
Nce4 $11) 12... c6 $11 {Baryshpolets,A (2422)-Vysochin,S (2526) Nabokov
Memorial 7th 2009 (10) 0-1} (12... a4 {[%csl Rb2]})) 5... O-O 6. Ngf3 Re8 7.
O-O c6 8. a3 Bf8 9. e4 a5 {[%cal Gd7d5];Cruz,F (2367)-Tyomkin,D (2505) Calvia
ol (Men) 2004 (9) 0-1}) (4. e4 Bc5 5. Ne2 Nc6 6. h3 d6 7. d3 O-O 8. O-O Be6 9.
Nbc3) 4... Bb4 {[%emt 0:01:27]} 5. Nd5 {Ce coup naturel est moins efficace que
dans la variante 1c4 e5 2.Nc3 Bb4 car les Noirs peuvent échanger le N} (5. e4
Bxc3 $1 {Dans le même esprit que la variante 2.Nc3 Bb4, cet échange est
souvent favorable pour les Noirs.} 6. bxc3 (6. dxc3 O-O 7. Ne2 d6 8. f3 $6 Be6
$132 {Horvath,G (2425)-Hundack,R St Ingbert op 1989 (5) 1-0}) 6... O-O 7. Ne2
d6 (7... Re8 8. O-O c6 $5 {[%cal Gd7d5]} 9. Qb3 Na6 10. Ba3 b6 11. d3 d6 12.
Rad1 Qc7 13. f4 Nc5 14. Qc2 Ncd7 15. Bc1 Bb7 16. Bh3 b5 {[%emt 0:33:25] Cekro,
E (2410)-Glek,I (2575)/Vlaardingen op act rapid (2)/0-1} (16... d5 $1 {Glek}))
8. O-O a6 (8... Be6) 9. a4 Nbd7 10. d3 Nc5 11. h3 Bd7 $132 {[%csl Ra4];
Grischuk,A (2771)-Eljanov,P (2742) Wch Blitz 5th 2010 (37) 0-1}) (5. e3 $143 $6
{Trop lent et les Blancs vont être obligés de perdre une tempo en jouant
ensuite e3e4} Bxc3 $1 {Avant que les Blancs n'aient le temps de jouer Nge2} (
5... O-O $143 6. Nge2 {[%cal Ge2c3]}) 6. bxc3 O-O 7. e4 {Le signe que e3 était
assez douteux} Re8 $132 {Gurevich,M (2649)-Glek,I (2590) Vlissingen HZ op 06th
2002 (6) 1-0}) (5. Qb3 Bxc3 6. Qxc3 d6 7. Nf3 O-O 8. O-O Re8 $11) (5. Nf3 Bxc3
6. dxc3 d6 7. O-O Nc6 8. Ne1 O-O $11 {Jobava,B (2644)-Tkachiev,V (2661)
Benidorm Bali rap rapid 2007 (9) 1/2}) 5... Nxd5 $1 {Comme les Noirs n'ont pas
joué Nc6, ils pourront égaliser avec la poussée c6 sans perdre un tempo. En
fait, l'intérêt de cette ligne h6 est de transposer dans la variante 1.c4e5 2.
Nc3 Bb4 que joue d'ailleurs l'italien mais en évitant la ligne critique 3.Nd5
attaquant le Bb4.} 6. cxd5 O-O {[%emt 0:00:48]} 7. e3 {[%emt 0:01:22]} (7. Nf3
d6 8. O-O c6 $132 {Gomez Jurado,L (2353)-Carlsson,P (2496) Barbera del Valles
op 34th 2011 (5) 0-1}) 7... c6 $1 {[%emt 0:00:44]} 8. a3 {[%emt 0:01:22]} (8.
Qb3 Ba5 9. Ne2 d6 10. O-O c5 (10... cxd5 11. Bxd5 Nc6) 11. d4 Nd7 12. Qc2 b5
$132 {[%emt 0:33:25] Hansen,C (2607)-Bruzon Batista,L (2226)/Samba Cup 2nd (8)/
1/2-1/2}) 8... Be7 {[%emt 0:00:32]} 9. Ne2 {[%emt 0:01:16]} (9. b4 {[%cal
Gc1b2]} a5 $132) 9... cxd5 {29 Les Noirs sont déjà en grand retard} 10. Bxd5 d6
11. O-O {[%emt 0:01:12]} Nd7 (11... Nc6) 12. Bg2 Nf6 (12... f5 $143 13. Nc3 {
[%csl Gd5]}) 13. b4 (13. Qb3 $5 {[%csl Rb7,Rc1]}) 13... Qb6 (13... a5) 14. Bb2
{[%emt 0:01:10]} Be6 {[%emt 0:00:23]} (14... a5 $5 {[%cal Gb6b2]}) 15. d4 Rfd8
(15... Bc4 16. dxe5 dxe5 17. Bxe5 Qb5 {[%cal Gb5e5,Gc4e2]} 18. Bxf6 Bxe2 19. a4
Qh5 $40) (15... Bc4 $5 16. dxe5 (16. Re1 Rfd8 {[%cal Gd8d1]} 17. Qc2 Rac8)
16... dxe5 17. Bxe5 $2 Qb5) 16. Nc3 Bc4 17. Re1 a5 18. Rb1 (18. b5 $5 {Plus
intéressant car les Noirs ne peuvent se permettre le luxe de prendre le P et
les Blancs gardent l'option de développer la Ra1 sur une case plus active} a4 (
18... Bxb5 19. Qb3) 19. Rb1 Rdc8 20. Nxa4 Qxb5 21. Nc3 Qa6 (21... Qd7 22. dxe5)
22. a4) 18... axb4 19. axb4 Bf8 20. b5 {[%emt 0:00:34]} exd4 {[%emt 0:00:07]}
21. exd4 d5 $15 {[%csl Rb1,Rb2,Gc4]} 22. Bc1 Ne4 (22... Re8) 23. Nxe4 dxe4 24.
Rxe4 (24. Bxe4) 24... Ba2 25. Rb2 {[%emt 0:00:25]} Bd5 {[%emt 0:00:02]} 26. Rf4
{[%emt 0:00:22]} Bd6 {Plus qu'une minute pour passer le contrôle de temps} 27.
Rg4 Be6 28. Be3 Bxg4 29. Qxg4 Ra1+ 30. Bf1 Be7 31. Kg2 Bf6 32. Rd2 Ra4 33. Qd1
1/2-1/2

[Event "EU-ch 12th"]
[Site "Aix les Bains"]
[Date "2011.03.25"]
[Round "4"]
[White "Svidler, Peter"]
[Black "Mastrovasilis, Athanasios"]
[Result "1-0"]
[WhiteElo "2730"]
[BlackElo "2547"]
[Annotator "Marchand,A/Primel,D"]
[PlyCount "47"]
[EventDate "2011.03.22"]
[EventType "swiss"]
[EventRounds "11"]
[EventCountry "FRA"]
[SourceTitle "CBM 142 Extra"]
[Source "ChessBase"]
[SourceDate "2011.06.27"]
[SourceVersion "1"]
[SourceVersionDate "2011.06.27"]
[SourceQuality "1"]
[TimeControl "40/5400+30:1800+30"]

1. g3 {1g3 est un oiseau rare а ce niveau!} e5 {Sur la réaction des Noirs, cf
l'article: http://www.chessintranslation.com/2011/03/
the-future-belongs-to-1-g3/} 2. c4 (2. Bg2 Nf6 3. d3 Nc6 4. Nf3 d5 5. O-O Be7
6. c3 O-O 7. b4 e4 8. dxe4 Nxe4 9. Nfd2 Bf5 {Shoker,S (2353)-Fressinet,L (2646)
Internationaux Blitz Paris Charlety 2007 (10.2) 1-0}) 2... Nf6 3. Bg2 c6 4. d4
{[%emt 0:01:27]} e4 5. d5 {[%emt 0:01:20]} (5. Nc3 d5 6. Bg5 Bb4 7. Qb3 Bxc3+
8. Qxc3 O-O 9. e3 Nbd7 10. cxd5 cxd5 11. Rc1 b6 12. Qa3 a5 13. Ne2 Ba6 14. Bh3
Rc8 15. Kd2 Rxc1 16. Rxc1 h6 17. Bf4 Qa8 18. Rc7 Rc8 19. Qc3 g5 {Rowson,J 
(2547)-Bologan,V (2627)/Bled 2002/EXT 2003/0-1 (51)}) 5... cxd5 {[%emt 0:01:05]
} 6. cxd5 {[%emt 0:01:19]} Bb4+ {[%emt 0:01:00]} 7. Bd2 e3 $5 8. Bxb4 (8. fxe3
Na6 9. Bxb4 Nxb4 10. a3 Na6 {[%csl Ra6]}) 8... exf2+ 9. Kd2 Qb6 (9... Na6 $1
10. Bc3 fxg1=Q 11. Qxg1 (11. Rxg1) 11... O-O $44) 10. Ba3 {[%emt 0:01:05]} d6 {
[%emt 0:00:45][%cal Ge8g8]} (10... Nxd5 $142 $5 11. Nh3 (11. Bxd5 Qd4+ 12. Kc1
Qxd1+ 13. Kxd1 f1=Q+) 11... Ne3 $44 {[%csl Rd2]}) 11. Nf3 {[%emt 0:01:00]} Bf5
{[%emt 0:00:40]} (11... Na6 12. Qb3 Qa5+ 13. Nc3) 12. Nc3 {[%emt 0:00:55]} O-O
$138 {[%emt 0:00:16]} 13. Qb3 Qd8 14. Rhf1 Re8 15. Rxf2 Ng4 16. Ke1 Qe7 17. e4
{[%emt 0:00:44]} Nd7 {[%emt 0:00:04]} 18. Re2 Bg6 19. Qxb7 Bh5 20. Qc7 Nge5 21.
Nxe5 Qxe5 22. Qxd7 Bxe2 23. Nxe2 Qg5 24. Qxd6 1-0

[Event "Grand Slam Final 2nd"]
[Site "Bilbao"]
[Date "2009.09.11"]
[Round "5"]
[White "Aronian, Levon"]
[Black "Shirov, Alexei"]
[Result "1-0"]
[WhiteElo "2773"]
[BlackElo "2730"]
[Annotator "Marin,M"]
[PlyCount "85"]
[EventDate "2009.09.06"]
[EventType "tourn"]
[EventRounds "6"]
[EventCountry "ESP"]
[EventCategory "20"]
[SourceTitle "CBM 132"]
[Source "ChessBase"]
[SourceDate "2009.09.16"]
[SourceVersion "1"]
[SourceVersionDate "2009.09.16"]
[SourceQuality "1"]

1. c4 e5 2. g3 Nf6 3. Bg2 d5 4. cxd5 Nxd5 5. Nf3 Nc6 6. O-O {White delays the
development of his queen's knight, aiming for positions characteristic of a
reversed hybrid between the Dragon and the Najdorf Sicilian.} Nb6 {With the
knight on c3, this retreat would be forced, but here the decision is
questionable.} ({Against} 6... Be7 {, White is supposed to play} 7. d4 {
, but I have failed to find an advantage after} e4 8. Ne5 f5 {, when I
analyzed this position in my first years as an English Opening player. A
recent game at top level seems to confirm my evaluation:} 9. Nxc6 bxc6 10. Nc3
O-O 11. f3 exf3 12. exf3 Bf6 13. Re1 Rb8 14. f4 Rb4 $132 {1/2 Carlsen,M (2714)
-Gelfand,B (2736)/Moscow 2007/EXT 2008 (37)}) 7. b3 $5 {White intends to put
pressure on the e5-pawn as soon as possible, but defining his intentions so
soon allows Black deviate from the standard paths.} ({The main line goes} 7. d3
Be7 8. a3 a5 9. Nbd2 O-O 10. b3 Be6 11. Bb2 f6 {with a solid position for
Black. White has no easy way to develop the initiative and risks being left in
a passive position without space. See for instance Portisch,L (2533)-Almasi,Z 
(2646)/Szekesfehervar 2006/CBM 112/[Ribli] (0-1, 42)}) 7... Bd6 $1 {This is
not a typical way to develop the bishop, but White's play has been anything
from standard, too.} (7... Be7 $6 8. Bb2 Bf6 {is somewhat artificial.} 9. Nc3 (
9. d3 $2 e4 $1) 9... Bf5 10. d3 O-O 11. Rc1 Qd7 12. Ne4 (12. Nd2 $5 Bh3 13.
Nce4 Be7 14. Nc5 Bxc5 15. Rxc5 Bxg2 16. Kxg2 f6 17. b4 $1 $14) (12. Re1 $5 Bh3
13. Bh1 Be7 14. Ne4 $14) 12... Bxe4 13. dxe4 Qxd1 14. Rfxd1 Rfd8 {Delchev,A 
(2629)-Korneev,O (2572)/Albacete 2001/EXT 2002 (1/2, 21)} 15. h4 g6 (15... Kf8
16. g4 g6 17. g5 Bg7 18. Bh3 $14) 16. e3 Bg7 17. Bf1 $14 {[%csl Ge5][%cal
Gf1b5] Black may have to play ...f6, when the weakness of the light squares
would increase the force of the white king's bishop.}) 8. Bb2 O-O 9. d3 Bg4 10.
h3 {It is not clear that this move should be played at such an early stage. In
some cases, the bishop is exposed on g4.} (10. Nbd2 Qd7 11. Rc1 Rae8 (11... f5
$6 12. Rxc6 $1 $14 Qxc6 $6 13. Nxe5 $16 {[%cal Ge5g4,Gg2b7]}) 12. Ne4 Bh3 13.
Nc5 Bxc5 14. Rxc5 Bxg2 15. Kxg2 f6 16. b4 Rf7 (16... e4 $5 {would have been
more consistent with Black's previous play.}) 17. a3 Nd4 18. Bxd4 exd4 19. Qc2
$14 {White has the more flexible structure. Black's d4-pawn is vulnerable,
while the whole queenside is under pressure.} Rfe7 20. Re1 Kh8 21. b5 Qd6 22.
a4 Nxa4 23. Rc4 Nb6 24. Rxd4 Qa3 25. Rh4 ({A tempting move, especially in
rapid chess. Korchnoi was probably nostalgic after his brilliant win against
Arnasson, in A29.} 25. e3 {would have been also playable}) 25... a6 26. d4 h6
27. Rh5 Qa5 28. g4 $36 {Kortschnoj,V (2639)-Rublevsky,S (2657)/St Petersburg
2001/CBM 82 (1-0, 35)}) 10... Bh5 11. Nbd2 Qe7 ({After h3 and ...Bh5,} 11...
Qd7 12. Rc1 f5 {is entirely playable because} 13. Rxc6 {does not work out so
well anymore in view of} Qxc6 14. Nxe5 Qe8 {and there is no hanging bishop on
g4.}) 12. Ne4 $146 {White goes for the pair of bishops, although this seems to
strengthen Black's centre.} (12. a3 a5 13. e4 Bc5 14. Qc2 Rfd8 15. Rfc1 Nd7 16.
Nh4 {Gurevich,M (2656)-Rublevsky,S (2655)/France 2004/CBM 098 ext/[Gurevich,M]
(1-0, 31)}) (12. Rc1 f5 13. Nc4 Nxc4 14. Rxc4 {[%cal Gd1a1,Gc4h4,Gc4c6,Yf1d1]
may be worth a try.}) 12... f5 13. Nxd6 cxd6 14. b4 $6 {This move should be
part of White's plan, because it undermines the defence of the e5-pawn,
inhibiting an eventual ...d5 and increasing the force of an eventual f2-f4.
However, the concrete form of carrying out this plan may be premature.} ({
I would prefer the developing move} 14. Qd2 {for instance} f4 (14... Rae8 15.
b4 $36) 15. e3 fxg3 (15... Rf7 16. exf4 exf4 17. g4 Bg6 18. Rfe1 $36 {[%csl
Gg7]}) 16. fxg3 Rf7 17. e4 $14 {White's pair of bishops offer him a long term
advantage.}) 14... Nxb4 $1 {Being better developed, Black has no reasons to
refrain from forced play.} 15. Qb3+ N4d5 16. Nxe5 {This tactical operation
leads to a position with opposite coloured bishops, in which White is not out
of danger.} ({Black can hold his own after} 16. e4 {. but the initiative would
stay with White after} fxe4 17. dxe4 Bxf3 18. Bxf3 Qf7 19. Bg4 h5 $1 {[%csl
Gh5]} (19... Nc7 20. Rac1 {leaves Black hanging.}) 20. Bd1 (20. Bf5 g6) 20...
Nf6 21. Qxf7+ Kxf7 22. f4 $44) 16... dxe5 17. Bxd5+ Nxd5 18. Qxd5+ Kh8 {
Black is entitled to hope for a mating attack, which justifies his decision to
keep queens on board.} ({However,} 18... Qf7 19. Qxf7+ Kxf7 20. f3 Ke6 {
would also be playable, because the centralized king would defend the e5-pawn
safely.}) 19. Rfe1 Rae8 20. Rac1 $13 {Black has reached a maximum of activity,
but his e5-pawn and the long diagonal remain vulnerable. We could conclude
that White has achieved certain strategic plusses, which may become obvious in
the endgame, but the midlegame is quite dangerous for him. The final outcome
of the game depends on whose bishop will be more active.} f4 {This probably is
the most consequent way to start the attack.} ({After a strengthening move like
} 20... Rf6 {White can play} 21. Qc5 {With the king on h8, far from the centre,
the exchange of queens would favour White, who could try to exploit his
pressure on the dark squares without fearing an attack, while after} Qe6 {
Black's position loses harmony.}) 21. g4 {This is more or less forced, but
White's stability on the light squares is only relative.} Bf7 22. Qe4 Bg6 23.
Qg2 {The queen has to retreat to this passive square. White is dreaming of
consolidating with f3 and re-activating the queen, but this is a slow plan.}
Qf7 {[%cal Gf4f3,Gf7a2]} (23... e4 $5 24. dxe4 Bxe4 25. f3 Bd5 26. Bd4 b6 27.
Rc2 $13 {[%csl Gg7]}) 24. Rc5 Qxa2 $6 (24... e4 25. dxe4 Bxe4 26. f3 b6 {
wins a couple of tempi for Black if compared with the line from the previous
comment.}) 25. Rb5 $6 ({White should have opened the long diagonal immediately:
} 25. Bxe5 $1) 25... b6 $2 {Black again leaves the e5-pawn undefended.} ({
The consequent} 25... e4 $1 {would have offered him excellent play.} 26. dxe4
Bxe4 27. f3 Qc4 28. Rg5 (28. Ra5 Qb4 $17) 28... Bg6 $15 {Black is a pawn up
and White's pieces are dispersed all over the board, without the desired
coordination between them.}) 26. Ra1 Qf7 27. Rxe5 $36 {[%csl Gg7] The
b2-bishop has become active, while the g6-bishop cannot create threats any
more.} Qb3 (27... f3 28. Qxf3 Qxf3 29. exf3 Rxe5 30. Bxe5 Rf7 31. d4 $14 {
[%cal Gf3f5]}) 28. Rxe8 Rxe8 29. Bd4 Qb4 30. Qd5 Qe7 31. Rc1 {White is well
centralized and his attack develops as if he had an extra piece, which is a
typical situation with opposite coloured bishops.} h6 (31... Qxe2 32. Rc7 Qe1+
33. Kg2 Rg8 34. Qd7 $18) 32. Qf3 Qd6 33. Bb2 Kh7 34. Rc4 b5 35. Rc6 Qb4 36. Bc3
Qe7 37. Qxf4 Rf8 38. Qe3 Qf7 39. Be5 Re8 40. f4 Qd7 41. Qc5 Qe7 42. Rc7 Qxc5+
43. Rxc5 1-0

[Event "Nanjing Pearl Spring 1st"]
[Site "Nanjing"]
[Date "2008.12.18"]
[Round "7"]
[White "Ivanchuk, Vassily"]
[Black "Aronian, Levon"]
[Result "0-1"]
[WhiteElo "2786"]
[BlackElo "2757"]
[Annotator "Marin,M"]
[PlyCount "78"]
[EventDate "2008.12.11"]
[EventType "tourn"]
[EventRounds "10"]
[EventCountry "CHN"]
[EventCategory "21"]
[SourceTitle "CBM 128"]
[Source "ChessBase"]
[SourceDate "2009.01.28"]
[SourceVersion "1"]
[SourceVersionDate "2009.01.28"]
[SourceQuality "1"]

1. c4 e5 2. g3 f5 {Without a previous ...Nc6, this is considered to be
premature, because of White's reply.} 3. d4 exd4 4. Nf3 $5 {An original answer,
which does not necessary improve over the common continuation. After the text
move, play ressembles a similar variation from the Sicilian> 1.e4 c5 2.f4 d5 3.
exd5 Nf6. The extra-tempo (g3) cannot harm White, of course.} ({The approved
continuation is} 4. Qxd4 Nc6 5. Qe3+ $14 {as, for instance, in Delchev,A (2583)
-Nikcevic,N (2468)/France 2003/CBM 094/[Ribli] (1-0, 46). You can find a small
survey of the variation in the notes to this game.}) 4... Bb4+ (4... c5 5. e3
dxe3 6. Bxe3 Nf6 7. Nc3 Be7 8. Qd2 $44 {Videki,S (2305)-Ruban,V (2580)/
Norresundby 1992/EXT 2000 (0-1, 20). The position is characteristic of a
reversed... Scandinavian > 1.e4 d5 2.exd5 Nf6 3.c4 e6 4.dxe6 Bxe6, etc}) 5.
Nbd2 (5. Bd2 Bxd2+ 6. Qxd2 c5 7. Bg2 Nf6 8. e3 O-O (8... Ne4 9. Qe2 {As we
will see below, d3 is a better square for the queen.} O-O 10. O-O {King,D 
(2500)-Westerinen,H (2380)/Gausdal 1993/TD (1-0, 36)} Re8 $1 11. Re1 Nc6 $13)
9. O-O Ne4 10. Qd3 dxe3 11. Qxe3 (11. fxe3 $2 Nc6 $15 {Biolek,R (2370)
-Likavsky,T (2250)/Czechoslovakia 1992/TD (1-0, 35)}) 11... Nc6 {. Play has
transposed again into the aforementioned game.} 12. Nc3 Nxc3 13. bxc3 Qe7 14.
Qxe7 Nxe7 15. Rfe1 Nc6 16. Rad1 $44 {King,D (2500)-Westerinen,H (2380)/Gausdal
1993/TD (1-0, 36)}) 5... Nf6 {Aronian keeps developing, not letting himself
tempted by the perspective of playing with an extra-pawn.} (5... c5 6. Bg2 Nf6
(6... Nc6 7. O-O Bxd2 8. Qxd2 Nf6 9. e3 $14 dxe3 $6 10. Qxe3+ Qe7 11. Re1 Qxe3
12. Bxe3 $16) 7. O-O Bxd2 (7... O-O 8. Nb3 $14) 8. Qxd2 O-O 9. e3 dxe3 10. Qxe3
d6 11. b3 $44) 6. Bg2 {Ivanchuk continues tempting him, but without succcess...
} (6. Nxd4 $5) 6... Nc6 7. O-O Bc5 8. Nb3 d6 9. Nfxd4 Nxd4 10. Nxd4 $14 {
White has retrieved the pawn and enjoys more space in the centre.} O-O 11. Nc2
$6 {Ivanchuk's plan is coherent, but rather time-consuming.} ({He could have
consolidated his advantage by completing his development with} 11. b3 Qe7 12.
Bb2 Ne4 (12... f4 13. gxf4 Ne4 14. e3 $16) 13. e3 $14 {[%cal Gd1c2,Ga1d1,Gf1e1]
}) 11... Qe8 12. b4 Bb6 13. Be3 Bxe3 14. Nxe3 f4 $1 $132 {Black gets rid of a
potentially weak pawn, opens the diagonal for his bishop and puts the enemy
kingside under pressure. White's advantage of space in the centre loses part
of its relevance.} 15. Nd5 (15. gxf4 Nh5 16. Nd5 Nxf4 $132 17. Nxc7 $4 Qg6 $19)
15... Nxd5 16. Qxd5+ Kh8 17. Rfe1 ({The thematic pawn break} 17. c5 {is best
neutralized by} c6 $1 (17... Rf6 18. cxd6 Rxd6 19. Qc5 $14) (17... Qxe2 18.
Rae1 Qb2 19. cxd6 cxd6 20. Re4 $32 f3 $6 21. Bxf3 $1 $16) 18. Qxd6 Bg4 $36)
17... Rf6 18. Rad1 c6 19. Qe4 $6 {Again, Ivanchuk choses a slow plan of
regrouping.} ({After the simpler} 19. Qd4 Qf7 (19... Qh5 {[%cal Gf6h6]} 20. Qc5
$5 Qh6 21. Qe5 $14) 20. b5 {White may keep some initiative.}) 19... Qf7 20. Rd4
Bg4 (20... fxg3 21. hxg3 $1 Rxf2 $2 22. Bf3 $16) 21. Qd3 Rf8 {Black has
achieved an optimal regrouping and his position looks preferable already.} 22.
Qd2 (22. Rxd6 fxg3 23. hxg3 $8 Rxd6 24. Qxd6 Qxf2+ 25. Kh2 $8 $15) 22... h5 $36
23. Bf3 $6 {With this move, White admits that he is struggling already.} (23.
gxf4 Rxf4 24. Rxf4 Qxf4 25. Qxf4 Rxf4 {[%cal Gf4b4]} 26. e4 h4 27. h3 Be6 $15)
(23. f3 $5 {Aronian}) 23... fxg3 24. hxg3 Bxf3 25. exf3 Rxf3 26. Re2 c5 27.
bxc5 (27. Rxd6 h4 $40) 27... dxc5 28. Rd8 (28. Rd7 Qg6 29. Rxb7 h4 $40) 28...
Qxc4 29. Rxf8+ Rxf8 30. Re5 b6 31. Rxh5+ Kg8 32. Rh4 Qe6 33. a4 a6 34. Rh5 c4
35. Qd4 Qf7 36. Rd5 c3 37. Rd6 $2 ({Missing an excellent drawing chance:} 37.
Rd8 $1 {It seems that Black's king cannot avoid perpetual.} c2 38. Rxf8+ Kxf8
39. Qd8+ Qe8 40. Qd6+ Kg8 41. Qd5+ Qf7 42. Qa8+ Kh7 43. Qh1+ Kg6 44. Qc6+ $1
$11) 37... b5 $17 38. Rxa6 (38. axb5 axb5 39. Rd8 {comes too late already:} Qc4
40. Qxc4+ (40. Rxf8+ Kxf8 41. Qd8+ Kf7 42. Qd7+ Kf6 43. Qd6+ Kg5 44. Qe5+ Kg4
45. Qxg7+ Kf3 $19) 40... bxc4 41. Rd1 Kf7 (41... Rf3 42. Rd4 $1 $11) 42. Rc1
Ke6 43. Rxc3 Kd5 {and White has little hope to save this ending, because of
the huge difference between the kings' activity.}) 38... Rc8 39. Qg4 Qc4 {
There are no checks available and the c-pawn is unstoppable.} 0-1